10 arts, 10 questions #3 - Culture générale - Statistiques

Statistiques générales
  • Ce quiz a été pris 202 fois
  • Le résultat moyen est 11 sur 15
Statistiques - réponses
Nom de l'art Indice Réponse % Correct
9e art : Bande dessinée Noms des chiens accompagnant les héros dans les aventures de ... Idéfix
95%
9e art :Bande dessinée Noms des chiens accompagnant les héros dans les aventures de ... Milou
94%
7e art : Cinéma Villes où sont basées les grandes industries du cinéma Hollywood et Bollywood Los Angeles
92%
10e art : Jeux vidéos Entreprise japonaise à l'origine des jeux "Super Mario Bross", "The Legend of Zelda" ou encore "Splatoon" Nintendo
84%
8e art : Arts médiatiques Emission de télévision satirique française de marionnettes, diffusée entre 1988 et 2018 sur Canal+ Les Guignols de l’info
83%
9e art : Bande dessinée Noms des chiens accompagnant les héros dans les aventures de ... Rantanplan
80%
3e art : Arts visuels Formes d'art réalisées dans l'espace public, dont l'artiste le plus connu est sans doute Banksy, mêms si sa réelle identité reste inconnue Le Street art
76%
1er art : Architecture Ensemble architectural situé au centre de Moscou, qui fût la résidence officielle des tsars puis des présidents russes Le Kremlin
75%
7e art :Cinéma Villes où sont basées les grandes industries du cinéma Hollywood et Bollywood Bombay
74%
4e art :Musique Légendes de la chanson française ayant formé le trio "Les Vielles Canailles" pour des concerts emblématiques entre 2014 et 2017 Johnny Hallyday
70%
4e art : Musique Légendes de la chanson française ayant formé le trio "Les Vielles Canailles" pour des concerts emblématiques entre 2014 et 2017 Eddy Mitchell
63%
5e art : Littérature Forme poétique qui n'utilise ni rimes, ni versification, ni disposition de texte traditionnelles de la poésie Poème en prose
62%
6e art : Arts de la scène Compagnie québécoise de cirque contemporain formée en 1984, se distinguant par l'absence d'animaux et se basant sur des acrobaties Cirque du Soleil
60%
4e art : Musique Légendes de la chanson française ayant formé le trio "Les Vielles Canailles" pour des concerts emblématiques entre 2014 et 2017 Jacques Dutronc
46%
2e art :Sculpture Artiste suisse connu entre autre pour ces sculptures en bronze élancé, dont le célèbre "Homme qui marche" en 1960 Alberto Giacometti
32%
Aucun quiz correspondant
Distribution des résultats
% des personnes avec chaque résultat
Percentile par nombre de réponses
Votre historique - résultats
Vous n’avez pas pris ce quiz